Truly Bizarre Nature - Statistics

General Stats
  • This quiz has been taken 96 times
  • The average score is 10 of 15
Answer Stats
Hint Answer % Correct
These tall creatures are 30x more likely to get struck by lightning than humans. Giraffe
95%
Due to being high in potassium, this fruit is slightly radioactive. Banana
91%
This creature’s tongue weighs as much as an elephant. Blue whale
88%
These arctic animals are not actually white, but have reflective, clear fur and black skin. Polar bear
86%
The oldest living ____, located in California, is over 4,800 years old. Tree
86%
These sea creatures are unique in that, not only are they live bearers, but it’s the males that give birth. Seahorse
84%
Babies have around 100 more of these than adults. Bones
64%
The gravitational pull of black holes is so absurdly strong, that not even _____ can escape it. Light
63%
Over 90% of this nation’s wildlife is not found anywhere else in the world. Madagascar
63%
Water freezes faster when it’s ___. Hotter
58%
In the past 71 million years, the Earth’s poles have done this 171 times. Flip
57%
Bees communicate with one another by _______. Dancing
49%
About half of your body’s cells are actually ________. Bacteria
33%
Groups of African buffaloes make decisions by ______. Voting
28%
Without _____, your stomach would digest itself. Mucus
21%
No matching quizzes found
Score Distribution
Percent of People with Each Score
Percentile by Number Answered
Your Score History
You have not taken this quiz